Statistics for Odd one out - general knowledge #1

Click here to take the quiz!

General Stats

  • This quiz has been taken 287 times
    (272 since last reset)
  • The average score is 5 of 13

Answer Stats

QuestionAnswer% Correct
Sherlock Holmes - three have played this iconic detective so can you deduce the imposter?Daniel Craig
66%
Oceans - three are as real as a cup of H2O the other is as fake as good weather in EnglandAntarctic
62%
Hormones - three of these Hormones are found in humans. One is found in plants. Eat your greens to erect an answerAuxin
60%
Asia - one is fully in Asia the others aren'tMongolia
51%
The stock market - 3 of these companies are in the top 4 highest revenue companies. One isn't. Can you buy a share of the JetPunk market?Coca-Cola
48%
South Western US states - three enjoy the mexicans, one doesn't, who isn't eating enchalladas?Nevada
39%
Unlucky - three of these grant you luck the other grants unlucky happenings. In the words of stevie wonder "very superstitious"This question number
35%
Film studios - three are independent, one was bought for $72 billion, can you have a box office performance to figure out the subsidiary20th century Fox
33%
Politics - 3 of these people legitimately got to be POTUSLyndon B Johnson
27%
Historic disbanding - one of these countries was apart of the soviet union the others were apart of yugoslaviaMoldova
27%
Songs - 3 of these songs have betweeen 3 and 4 billion views on Youtube, one has 6 billion+ views. Do you know your songs to sing along to the answer?Despacito ft. Daddy Yankee - Luis Fonsi
23%
The british Empire - three of these are current Commonwealth members that were previously apart of the british empire. One wasn't. The queen will not be happy if you'll get this wrongMozambique
22%
Empires - 3 of these empires were contiguous, one was not. Can you get your act together to make a mark in historyRussian
20%

Score Distribution

Percentile by Number Answered

Percent of People with Each Score

Your Score History

You have not taken this quiz since the last reset